[Event "Online Olym Div2 C"]
[Site "Chess.com INT"]
[Date "2021.09.02"]
[Round "2.2"]
[White "Levitan, Ronit"]
[Black "Shuqja, Klean"]
[Result "1-0"]
[WhiteElo "2171"]
[BlackElo "1877"]
[PlyCount "93"]
[EventDate "2021.09.02"]
[EventType "team (rapid)"]
[EventRounds "9"]
[EventCountry "USA"]
[SourceTitle "CBM 204 Extra"]
[Source "ChessBase"]
[SourceDate "2021.11.30"]
[SourceVersion "1"]
[SourceVersionDate "2021.11.30"]
[SourceQuality "1"]
[WhiteTeam "Israel"]
[BlackTeam "Albania"]
[WhiteTeamCountry "ISR"]
[BlackTeamCountry "ALB"]

1. e4 d5 2. exd5 Qxd5 3. Nc3 Qd8 4. d4 Nf6 5. Nf3 Bg4 6. h3 Bxf3 7. Qxf3 c6 8. Be3 e6 9. 0-0-0 Bb4 10. Ne4 Nxe4 11. Qxe4 Qd5 12. Qxd5 cxd5 13. c3 Bd6 14. Bd3 Nd7 15. Rhe1 0-0 16. Kb1 a6 17. g4 b5 18. a3 Nb6 19. f4 Nc4 20. Bc1 Rfe8 21. f5 exf5 22. Bxf5 Bg3 23. Rxe8+ Rxe8 24. Bd7 Re7 25. Bc6 Nb6 26. Rd3 Bf2 27. Rf3 Bg1 28. Rf1 Bh2 29. Rf2 Bg1 30. Rg2 Re1 31. Kc2 Be3 32. Bxe3 Rxe3 33. Bb7 a5 34. Ba6 b4 35. axb4 axb4 36. Re2 Rxe2+ 37. Bxe2 bxc3 38. Kxc3 Kf8 39. Kb4 Ke7 40. Kb5 Nc8 41. Kc5 Ke6 42. Bf3 Ne7 43. b4 g6 44. b5 f5 45. gxf5+ Kxf5 46. b6 Nc8 47. b7 1-0

[Event "EU-Cup Online Gr-E (Women)"]
[Site "Tornelo INT"]
[Date "2020.12.20"]
[Round "7.3"]
[White "Mkrtchian, Lilit"]
[Black "Shuqja, Klean"]
[Result "1-0"]
[WhiteElo "2388"]
[BlackElo "1905"]
[PlyCount "109"]
[EventDate "2020.12.19"]
[EventType "team-tourn (rapid)"]
[EventRounds "9"]
[EventCountry "ISS"]
[SourceTitle "CBM 199 Extra"]
[Source "ChessBase"]
[SourceDate "2021.01.31"]
[SourceVersion "1"]
[SourceVersionDate "2021.01.31"]
[SourceQuality "1"]
[WhiteTeam "Schwaebisch Hall (W)"]
[BlackTeam "Klubi i Kampioneve (W)"]
[WhiteTeamCountry "GER"]
[BlackTeamCountry "ALB"]

1. c4 c5 2. Nf3 Nf6 3. d4 cxd4 4. Nxd4 b6 5. Nc3 Bb7 6. f3 d6 7. e4 e6 8. Be2 Be7 9. 0-0 a6 10. Be3 0-0 11. Qd2 Nbd7 12. Rfc1 Qc7 13. a4 Rfd8 14. a5 bxa5 15. Nb3 a4 16. Nxa4 Nc5 17. Na5 Bc6 18. Nc3 Rab8 19. Nd1 Nb7 20. Nxc6 Qxc6 21. b4 a5 22. bxa5 Nc5 23. Bxc5 dxc5 24. Qe3 Ne8 25. e5 Nc7 26. Nc3 Rb2 27. Rab1 Rdb8 28. Rxb2 Rxb2 29. Bd3 g6 30. Ra1 Na6 31. Qc1 Rb8 32. Nb5 Nb4 33. Be4 Qa6 34. Qc3 Bd8 35. Qa3 Be7 36. Rd1 Rd8 37. Rxd8+ Bxd8 38. Nd6 Qxa5 39. Qxa5 Bxa5 40. Kf2 g5 41. g3 Na2 42. Ke3 Nc3 43. Bd3 Nd1+ 44. Ke2 Nb2 45. Ne4 Nxd3 46. Kxd3 h6 47. Nxc5 Bb6 48. Ne4 Bg1 49. h3 Kg7 50. c5 Kg6 51. Kc4 Kf5 52. Nd6+ Kxe5 53. Nxf7+ Kf6 54. Nxh6 Bf2 55. Ng4+ 1-0